The Elasticity of a network of long-chain molecules.1 (British Rubber Producers Research Association Publication No 30) (Record no. 45936)

MARC details
000 -LEADER
fixed length control field 00379nam a2200109Ia 4500
100 ## - MAIN ENTRY--AUTHOR NAME
Personal name Treloar LRG
245 #4 - TITLE STATEMENT
Title The Elasticity of a network of long-chain molecules.1 (British Rubber Producers Research Association Publication No 30)
260 ## - PUBLICATION, DISTRIBUTION, ETC. (IMPRINT)
Name of publisher Transactions of the Faraday Society, No.258
Year of publication 1943
300 ## - PHYSICAL DESCRIPTION
Number of Pages 36-41
942 ## - ADDED ENTRY ELEMENTS (KOHA)
Koha item type Reprints
Holdings
Withdrawn status Lost status Damaged status Not for loan Home library Current library Date acquired Serial Enumeration / chronology Koha item type
      Reprints RRII Library RRII Library 22/12/2021 Volume 39, Issue Pt1 Reprints